Parametrization of the scattering indicatrix for a finite scattering medium; Soviet Physics Journal; Vol. 28, № 10

Մատենագիտական մանրամասներ
Parent link:Soviet Physics Journal.— , 1965-1992
Vol. 28, № 10.— 1985.— P. 797-799
Այլ հեղինակներ: Savel'ev B. A., Larionov V. V. Vitaliy Vasilyevich, Goryachev B. V., Mogil'nitskii S. B., Kutlin A. P.
Ամփոփում:We consider a method of parametrizing the radiative scattering indicatrix. The scattering indicatrix is represented as projections η, β, μ on the axes of a Cartesian system of coordinates. Examples are discussed of the experimental determination of these parameters for a model dispersive medium consisting of a solution of polystyrene latex particles in water.
В фонде НТБ ТПУ отсутствует
Լեզու:անգլերեն
Հրապարակվել է: 1985
Խորագրեր:
Ձևաչափ: MixedMaterials Գրքի գլուխ
KOHA link:https://koha.lib.tpu.ru/cgi-bin/koha/opac-detail.pl?biblionumber=598802

MARC

LEADER 00000naa0a2200000 4500
001 598802
005 20250401093317.0
035 |a (RuTPU)RU\TPU\tpu\22599 
035 |a RU\TPU\tpu\22598 
090 |a 598802 
100 |a 20130131d1985 k||y0rusy50 ba 
101 0 |a eng 
102 |a US 
200 1 |a Parametrization of the scattering indicatrix for a finite scattering medium  |f B. A. Savel'ev [et al.] 
320 |a References: p. 799 (6 tit.) 
330 |a We consider a method of parametrizing the radiative scattering indicatrix. The scattering indicatrix is represented as projections η, β, μ on the axes of a Cartesian system of coordinates. Examples are discussed of the experimental determination of these parameters for a model dispersive medium consisting of a solution of polystyrene latex particles in water. 
333 |a В фонде НТБ ТПУ отсутствует 
461 |t Soviet Physics Journal  |d 1965-1992 
463 |t Vol. 28, № 10  |v P. 797-799  |d 1985 
610 1 |a труды учёных ТПУ 
701 1 |a Savel'ev  |b B. A. 
701 1 |a Larionov  |b V. V.  |c physicist  |c Professor of Tomsk Polytechnic University, Doctor of Pedagogical Sciences  |f 1945-  |g Vitaliy Vasilyevich  |3 (RuTPU)RU\TPU\pers\30307  |4 070  |9 14653 
701 1 |a Goryachev  |b B. V. 
701 1 |a Mogil'nitskii  |b S. B. 
701 1 |a Kutlin  |b A. P. 
801 1 |a RU  |b 63413507  |c 20110727 
801 2 |a RU  |b 63413507  |c 20130131  |g RCR 
942 |c CR